| 000 | 00493nam a22001817a 4500 | ||
|---|---|---|---|
| 003 | OSt | ||
| 005 | 20180116183047.0 | ||
| 008 | 160721b xxu||||| |||| 00| 0 eng d | ||
| 020 | _a9960260119 | ||
| 040 | _c0 | ||
| 082 | _a214.61 ALB 1995 | ||
| 100 | _aDr. Isam Ghanem | ||
| 245 |
_aContemporary Topics in Islamic Medicine _cDr. Isam Ghanem |
||
| 260 |
_aJeddah _bSaudi Publishing _c1995 |
||
| 300 |
_a175 p. _bPB |
||
| 440 | _aContemporary Topics in Islamic Medicine | ||
| 942 |
_2ddc _cBK |
||
| 999 |
_c351473 _d351473 |
||